Wasteland /

Harvey Miller, a young Englishman recently released from prison, reunites with his three best friends to rob and enact revenge on a local drug kingpin - all while trying to win back his ex-girlfriend.

Bibliographic Details
Other Authors: Athale, Rowan (Director, Screenwriter), Barratt, Ed (Producer), Pritchard, Gareth (Producer) (Producer), Foligno, Mark (Producer)
Format: Video
Language:English
Language Notes:In English.
Published: New York, NY : Oscilloscope Pictures, 2012.
Series:Academic Video Online
Subjects:
Online Access:Connect to this streaming video (Alexander Street Press)

MARC

Tag First Indicator Second Indicator Subfields
LEADER 00000cgm a2200000Mi 4500
001 in00005583921
006 m o c
007 cr |n||||||||a
007 vz |za|z|
008 181112s2012 nyu109 e o vueng d
005 20241201232853.6
035 |a (OCoLC)on1078508456 
040 |a ALSTP  |b eng  |e rda  |e pn  |c ALSTP  |d OCLCO  |d OCLCQ  |d OCLCF  |d STF  |d OCLCO  |d UPM  |d OCLCO  |d OCLCA  |d OCLCO  |d OCLCQ  |d NUI  |d HOPLA 
019 |a 1373526253  |a 1430820226  |a 1443976920 
035 |a (OCoLC)1078508456  |z (OCoLC)1373526253  |z (OCoLC)1430820226  |z (OCoLC)1443976920 
049 |a TXAM 
245 0 0 |a Wasteland /  |c MoliFilms presents ; a Mischief Films and Moli-Mischief production ; written & directed by Rowan Athale ; produced by Gareth Pritchard ; produced by Ed Barratt ; produced by Mark Foligno. 
246 3 |a Rise 
264 1 |a New York, NY :  |b Oscilloscope Pictures,  |c 2012. 
300 |a 1 online resource (109 min.) 
306 |a 014914 
336 |a two-dimensional moving image  |b tdi  |2 rdacontent 
337 |a computer  |b c  |2 rdamedia 
337 |a video  |b v  |2 rdamedia 
338 |a online resource  |b cr  |2 rdacarrier 
347 |a video file  |2 rda 
490 0 |a Academic Video Online 
500 |a Title from resource description page (viewed November 12, 2018). 
511 1 |a Matthew Lewis, Iwan Rheon, Vanessa Kirby. 
520 |a Harvey Miller, a young Englishman recently released from prison, reunites with his three best friends to rob and enact revenge on a local drug kingpin - all while trying to win back his ex-girlfriend. 
546 |a In English. 
508 |a Directed by Rowan Athale. 
650 0 |a Robbery  |v Drama. 
650 0 |a Ex-convicts  |v Drama. 
650 7 |a Ex-convicts.  |2 fast  |0 (OCoLC)fst00917418 
650 7 |a Robbery.  |2 fast  |0 (OCoLC)fst01098945 
655 7 |a Crime films.  |2 fast  |0 (OCoLC)fst01710477 
655 7 |a Drama.  |2 fast  |0 (OCoLC)fst01423879 
655 7 |a Feature films.  |2 fast  |0 (OCoLC)fst01710384 
655 7 |a Thrillers (Motion pictures)  |2 fast  |0 (OCoLC)fst01726193 
655 7 |a Feature films.  |2 lcgft 
655 7 |a Crime films.  |2 lcgft 
655 7 |a Thrillers (Motion pictures)  |2 lcgft 
655 7 |a Films criminels.  |2 rvmgf 
655 7 |a Thrillers (Films)  |2 rvmgf 
700 1 |a Athale, Rowan,  |e director,  |e screenwriter. 
700 1 |a Barratt, Ed,  |e producer. 
700 1 |a Pritchard, Gareth  |c (Producer),  |e producer. 
700 1 |a Foligno, Mark,  |e producer. 
710 2 |a Oscilloscope Pictures,  |e distributor. 
710 2 |a Mischief Films,  |e production company. 
856 4 0 |u http://proxy.library.tamu.edu/login?url=https://www.aspresolver.com/aspresolver.asp?MARC;3997009  |z Connect to this streaming video (Alexander Street Press)  |t 0 
955 |a Alexander Street Press subscription streaming video 
994 |a 92  |b TXA 
999 f f |s 224e5a49-a025-42c6-9775-d287b54f14e8  |i d0acd0ab-5f66-4b85-8be3-a3c17e1f007f  |t 0 
952 f f |a Texas A&M University  |b College Station  |c Electronic Resources  |d Available Online  |t 0  |h Library of Congress classification 
998 f f |t 0  |l Available Online